LEADER 00838nam a2200217 i 4500 001 000000115815 003 CaOOAMICUS 005 20220502121447.0 008 091202n it u000 u ita u 013 $a88504 040 $aSeMil$bita 100 1 $aBonicelli, Gaetano,$c.$0(OLS)http://semarc/name/4636 245 10$a2: Interventi pastorali. 300 $aXII, 632 p. ;$c21 cm 541 0 $aFondo card. C.M. Martini (2F II 18) 773 0 $aBonicelli, Gaetano $tOmnibus omnia factus.$dSiena : Cantagalli, 2000.$g2$w()9405 850 $aSeMil 852 $aSeMil$W1$xVenegono$y1$m2F II 18$j71314$B71314$CSeMilBibl$Z2$F78186 $81 961 $aOmaggio: Martini Card. Carlo Maria 996 $6245$a2: Interventi pastorali$9(OLS)http://semarc/title/169696 LEADER 00721naa a2200157 i 4500 001 000000296658 003 CaOOAMICUS 005 20180831172549.0 008 180831n xx u000 u und u 013 $a4120 040 $aSeMil$bita 100 1 $aDoré, Joseph,$c.$0(OLS)http://semarc/name/1081 245 10$aChemins de l'exégèse chrétienne d'aujourd'hui :$bune relecture théologique. 650 4$aBibbia - Interpretazione.$0(OLS)http://semarc/subject/1295 773 0 $tÉvangile exploré.$dParis : Les Éditions du Cerf, copyr. 1996.$kLectio divina $z2-204-05434-8$w()51645 996 $6245$aChemins de l'exégèse chrétienne d'aujourd'hui :$bune relecture théologique$9(OLS)http://semarc/title/372707